<?xml version="1.0" encoding="UTF-8"?>
<record
    xmlns:xsi="http://www.w3.org/2001/XMLSchema-instance"
    xsi:schemaLocation="http://www.loc.gov/MARC21/slim http://www.loc.gov/standards/marcxml/schema/MARC21slim.xsd"
    xmlns="http://www.loc.gov/MARC21/slim">

  <leader>01406cam a22003974  4500</leader>
  <controlfield tag="001">197857</controlfield>
  <controlfield tag="003">ES-MaACL</controlfield>
  <controlfield tag="005">20251122063147.0</controlfield>
  <controlfield tag="008">251002s2009    sp     | |||| 000 f spa  </controlfield>
  <datafield tag="017" ind1=" " ind2=" ">
    <subfield code="a">B 33310-2009</subfield>
    <subfield code="b">Oficina Dep&#xF3;sito Legal Barcelona</subfield>
  </datafield>
  <datafield tag="020" ind1=" " ind2=" ">
    <subfield code="a">9788498722680</subfield>
  </datafield>
  <datafield tag="040" ind1=" " ind2=" ">
    <subfield code="a">ES-MaACL</subfield>
    <subfield code="b">spa</subfield>
    <subfield code="c">ES-MaACL</subfield>
    <subfield code="e">rdc</subfield>
  </datafield>
  <datafield tag="080" ind1=" " ind2=" ">
    <subfield code="a">821.111(73)-31"19"</subfield>
  </datafield>
  <datafield tag="100" ind1=" " ind2=" ">
    <subfield code="a">Morgan, Marlo, </subfield>
    <subfield code="d">1937-</subfield>
    <subfield code="e">aut</subfield>
    <subfield code="9">242318</subfield>
  </datafield>
  <datafield tag="240" ind1="1" ind2="0">
    <subfield code="a">Mutant message down under.</subfield>
    <subfield code="l">Espa&#xF1;ol</subfield>
  </datafield>
  <datafield tag="245" ind1="1" ind2="4">
    <subfield code="a">Las voces del desierto</subfield>
    <subfield code="c">Marlo Morgan ; [traducci&#xF3;n, Gemma Moral Bartolom&#xE9;]</subfield>
  </datafield>
  <datafield tag="250" ind1=" " ind2=" ">
    <subfield code="a">1&#xAA; Edici&#xF3;n: Mayo 2009</subfield>
    <subfield code="b">11&#xAA; Reimpresi&#xF3;n : Agosto 2016</subfield>
  </datafield>
  <datafield tag="264" ind1=" " ind2="1">
    <subfield code="a">Barcelona</subfield>
    <subfield code="b">Ediciones B, </subfield>
    <subfield code="c">[2016]</subfield>
  </datafield>
  <datafield tag="264" ind1=" " ind2="4">
    <subfield code="a">&#xA9;2009</subfield>
  </datafield>
  <datafield tag="300" ind1=" " ind2=" ">
    <subfield code="a">209 p&#xE1;ginas ; </subfield>
    <subfield code="c">20 cm</subfield>
  </datafield>
  <datafield tag="336" ind1=" " ind2=" ">
    <subfield code="2">rdacontent</subfield>
    <subfield code="a">texto</subfield>
  </datafield>
  <datafield tag="337" ind1=" " ind2=" ">
    <subfield code="2">rdamedia</subfield>
    <subfield code="a">sin mediaci&#xF3;n</subfield>
  </datafield>
  <datafield tag="338" ind1=" " ind2=" ">
    <subfield code="2">rdacarrier</subfield>
    <subfield code="a">volumen</subfield>
  </datafield>
  <datafield tag="490" ind1="1" ind2=" ">
    <subfield code="a">Grandes viajes.</subfield>
    <subfield code="p">Australia. Ficci&#xF3;n</subfield>
  </datafield>
  <datafield tag="594" ind1=" " ind2=" ">
    <subfield code="a">Traducci&#xF3;n de: Mutant message down under</subfield>
  </datafield>
  <datafield tag="655" ind1=" " ind2="0">
    <subfield code="9">234459</subfield>
    <subfield code="a">Novelas de acci&#xF3;n y aventuras</subfield>
  </datafield>
  <datafield tag="700" ind1="1" ind2=" ">
    <subfield code="9">242436</subfield>
    <subfield code="a">Moral Bartolom&#xE9;, Gemma</subfield>
    <subfield code="e">trl</subfield>
  </datafield>
  <datafield tag="852" ind1=" " ind2=" ">
    <subfield code="a">ES-MaACL</subfield>
    <subfield code="c">DEPO1</subfield>
    <subfield code="j">A-15817</subfield>
    <subfield code="x">Encuadernaci&#xF3;n r&#xFA;stica</subfield>
    <subfield code="9">206857</subfield>
  </datafield>
  <datafield tag="901" ind1=" " ind2=" ">
    <subfield code="a">MON0907</subfield>
  </datafield>
  <datafield tag="942" ind1=" " ind2=" ">
    <subfield code="c">MONOGRAFIA</subfield>
    <subfield code="n">0</subfield>
  </datafield>
  <datafield tag="956" ind1=" " ind2=" ">
    <subfield code="a">2</subfield>
  </datafield>
  <datafield tag="999" ind1=" " ind2=" ">
    <subfield code="c">197857</subfield>
    <subfield code="d">197857</subfield>
  </datafield>
  <datafield tag="952" ind1=" " ind2=" ">
    <subfield code="0">0</subfield>
    <subfield code="1">0</subfield>
    <subfield code="2">udc</subfield>
    <subfield code="4">0</subfield>
    <subfield code="7">0</subfield>
    <subfield code="a">ATENEOM</subfield>
    <subfield code="b">ATENEOM</subfield>
    <subfield code="c">DEPO1</subfield>
    <subfield code="d">2025-10-02</subfield>
    <subfield code="e">DONACION</subfield>
    <subfield code="l">0</subfield>
    <subfield code="o">A-15817</subfield>
    <subfield code="p">2025-1221</subfield>
    <subfield code="r">2025-10-27 00:00:00</subfield>
    <subfield code="w">2025-10-27</subfield>
    <subfield code="y">MONOGRAFIA</subfield>
  </datafield>
</record>
